| 000 | 00726nam a2200229 4500 | ||
|---|---|---|---|
| 001 | 16093 | ||
| 010 | _a9789892343747 | ||
| 021 | _b446481/18 | ||
| 090 | _a16093 | ||
| 100 | _a20190401d2018 m y0pory50030103ba | ||
| 200 | 1 |
_aSentidos _fNuno Lobo Antunes... [et al.] |
|
| 205 | _a7ยช ed | ||
| 210 | 9 |
_aAlfragide _cLua de Papel, _d2018 |
|
| 215 |
_a647, [1] p. _cil. _d24 cm |
||
| 675 |
_a616.896-053.2(035) _vBN _zpor |
||
| 675 |
_a616.89-008.43-053.2(035) _vBN _zpor |
||
| 675 |
_a159.922-053.2(035) _vBN _zpor |
||
| 675 |
_a159.94-053.2(035) _vBN _zpor |
||
| 701 | 1 |
_aAntunes, _bNuno Lobo, _f1954- |
|
| 801 | 0 |
_aPT _bBN _gRPC |
|
| 856 | 4 | 1 | _uhttp://rnod.bnportugal.gov.pt/ImagesBN/winlibimg.aspx?skey=&doc=2018425&img=123853&save=true |
| 990 | _cLIVROS | ||